South Asian security dilemma / (Record no. 143794)
[ view plain ]
| 000 -LEADER | |
|---|---|
| fixed length control field | 00639nam a22001937a 4500 |
| 005 - DATE AND TIME OF LATEST TRANSACTION | |
| control field | 20170824160002.0 |
| 010 ## - LCCN (DPL NO) | |
| LC control number | ENG-120067 |
| 020 ## - INTERNATIONAL STANDARD BOOK NUMBER | |
| Terms of availability | 995.00 |
| International Standard Book Number | 9789386535054 |
| 035 ## - SYSTEM CONTROL NUMBER | |
| System control number | EN-103599 |
| 037 ## - SOURCE OF ACQUISITION | |
| Source of stock number/acquisition | DBAD/PUB |
| 082 ## - DEWEY DECIMAL CLASSIFICATION NUMBER | |
| Classification number | 355.033054 |
| 245 ## - TITLE STATEMENT | |
| Title | South Asian security dilemma / |
| Statement of responsibility, etc | edited by Arpit Bajpai |
| 260 ## - PUBLICATION, DISTRIBUTION, ETC. (IMPRINT) | |
| Place of publication, distribution, etc | New Delhi |
| Name of publisher, distributor, etc | Jawahar Publishers & Distributors, |
| Date of publication, distribution, etc | 2017 |
| 270 ## - ADDRESS | |
| Address | 46, Samachar Apartment, Mayur Vihar-I, |
| City | New Delhi |
| Postal code | 110091 |
| 300 ## - PHYSICAL DESCRIPTION | |
| Extent | vii, 280p |
| Dimensions | 22cm (pbk) |
| 500 ## - GENERAL NOTE | |
| General note | Include bibliographical references and index |
| 700 ## - ADDED ENTRY--PERSONAL NAME | |
| Personal name | Bajpai ,Arpita |
| 942 ## - ADDED ENTRY ELEMENTS (KOHA) | |
| Source of classification or shelving scheme | Dewey Decimal Classification |
| Item type | English Books |
| Classification part | 355.033054 |
| Call number suffix | SOU |
| Withdrawn status | Lost status | Not for loan | Collection code | Home library | Current library | Date acquired | Source of acquisition | Cost, normal purchase price | Full call number | Barcode | Copy number | Cost, replacement price | Koha item type |
|---|---|---|---|---|---|---|---|---|---|---|---|---|---|
| Non-fiction | Central Jail Tihar | Central Jail Tihar | 24/08/2017 | DBAD/PUB | 995.00 | 355.033054 SOU | EN-103599 | 1 | 995.00 | English Books |
